000 00605nam a2200193 i 4500
001 bg
003 BPK
005 20210212131233.0
008 s1966 pl f |000 0 pol
040 _cBPK
041 _apol
100 1 _aSiłka, Wojciech
_eAutor
245 0 _aAstronawigacja żeglarska :
_bdruki obliczeń /
_cWojciech Siłka, Stanisław Skoczeń.
260 _aWarszawa,
_c1966.
650 4 _aAstronawigacja
700 1 _aSkoczeń, Stanisław.
942 _cKS
_2UKD
856 _uhttp://koha.tu.koszalin.pl/cgi-bin/koha/opac-detail.pl?biblionumber=47069
_yKatalog online BPK
999 _c47069
_d47069